Great men and women of Asia : (Record no. 292250)
[ view plain ]
| 000 -LEADER | |
|---|---|
| fixed length control field | 00523nam a2200181Ia 4500 |
| 008 - FIXED-LENGTH DATA ELEMENTS--GENERAL INFORMATION | |
| fixed length control field | 160319s9999 xx 000 0 und d |
| 050 ## - LIBRARY OF CONGRESS CALL NUMBER | |
| Classification number | 929.81599 |
| 050 ## - LIBRARY OF CONGRESS CALL NUMBER | |
| Item number | G786 2007 |
| 245 ## - TITLE STATEMENT | |
| Title | Great men and women of Asia : |
| 245 ## - TITLE STATEMENT | |
| Remainder of title | Ramon Magsaysay Awardees from Southeast Asia 1958-1973 / |
| 245 ## - TITLE STATEMENT | |
| Statement of responsibility, etc | Ramon Magsaysay Award Foundation ; edited by Cecile C.A. Balgos. |
| 260 ## - PUBLICATION, DISTRIBUTION, ETC. (IMPRINT) | |
| Place of publication, distribution, etc | Pasig City : |
| 260 ## - PUBLICATION, DISTRIBUTION, ETC. (IMPRINT) | |
| Name of publisher, distributor, etc | Anvil Pub. Inc |
| 260 ## - PUBLICATION, DISTRIBUTION, ETC. (IMPRINT) | |
| Date of publication, distribution, etc | 2007 |
| 300 ## - PHYSICAL DESCRIPTION | |
| Extent | xi, 294 p. : |
| 300 ## - PHYSICAL DESCRIPTION | |
| Other physical details | ill. ; |
| 300 ## - PHYSICAL DESCRIPTION | |
| Dimensions | 23 cm. |
| Withdrawn status | Lost status | Damaged status | Home library | Current library | Shelving location | Date acquired | Total Checkouts | Full call number | Barcode | Date last seen | Price effective from | Koha item type |
|---|---|---|---|---|---|---|---|---|---|---|---|---|
| Stonyhurst Southville International School (Batangas) | Stonyhurst Southville International School (Batangas) | Filipiniana Section | 03/19/2016 | Fil 929.81599 G786 2007 | US 1873 | 03/19/2016 | 03/19/2016 | Books |